| Tag |
First Indicator |
Second Indicator |
Subfields |
| LEADER |
00000cam a2200000 4500 |
| 001 |
in00000604413 |
| 005 |
20151014103631.0 |
| 008 |
750624c19671964enk b 00100 eng |
| 020 |
|
|
|a 0422723304
|
| 035 |
|
|
|a (OCoLC)01408402
|
| 035 |
|
|
|9 ACR7589AM
|
| 040 |
|
|
|c GAT
|d TXA
|d UtOrBLW
|
| 049 |
|
|
|a TXAM
|c [1394282]
|
| 090 |
|
|
|a HM251
|b .A77 1967
|
| 100 |
1 |
|
|a Argyle, Michael.
|
| 245 |
1 |
0 |
|a Psychology and social problems.
|
| 264 |
|
1 |
|a London :
|b Methuen,
|c [1967]
|
| 264 |
|
4 |
|c [©1964]
|
| 300 |
|
|
|a 232 pages ;
|c 22 cm.
|
| 336 |
|
|
|a text
|b txt
|2 rdacontent
|
| 337 |
|
|
|a unmediated
|b n
|2 rdamedia
|
| 338 |
|
|
|a volume
|b nc
|2 rdacarrier
|
| 490 |
1 |
|
|a Social science paperbacks
|
| 504 |
|
|
|a Bibliography: pages 206-228.
|
| 650 |
|
0 |
|a Social psychology
|x Research.
|
| 650 |
|
0 |
|a Social problems.
|
| 651 |
|
0 |
|a Great Britain
|x Social conditions.
|
| 830 |
|
0 |
|a Social science paperbacks.
|
| 999 |
|
|
|a MARS
|
| 999 |
f |
f |
|s a84c0bb0-7385-3140-a0fe-d119e872509a
|i 31fd5ea1-dd5f-363a-822e-288793305382
|t 0
|
| 952 |
f |
f |
|p ric
|a Texas A&M University
|b Rellis Campus
|c Joint Library Facility
|d Remote Storage
|t 0
|e HM251 .A77 1967
|h Library of Congress classification
|i unmediated -- volume
|m A14802919553
|
| 998 |
f |
f |
|a HM251 .A77 1967
|t 0
|l Remote Storage
|